| 000 -LEADER |
| fixed length control field |
00969nam a22002297a 4500 |
| 005 - DATE AND TIME OF LATEST TRANSACTION |
| control field |
20231220111217.0 |
| 008 - FIXED-LENGTH DATA ELEMENTS--GENERAL INFORMATION |
| fixed length control field |
231220b ||||| |||| 00| 0 eng d |
| 020 ## - INTERNATIONAL STANDARD BOOK NUMBER |
| International Standard Book Number |
9781444922271 |
| 040 ## - CATALOGING SOURCE |
| Transcribing agency |
KH8 |
| 082 ## - DEWEY DECIMAL CLASSIFICATION NUMBER |
| Classification number |
823 FRE |
| 100 ## - MAIN ENTRY--PERSONAL NAME |
| Personal name |
French, Vivian |
| Relator term |
Author |
| 245 ## - TITLE STATEMENT |
| Title |
Dragons Can't Swim/ |
| Statement of responsibility, etc. |
Vivian French |
| 260 ## - PUBLICATION, DISTRIBUTION, ETC. |
| Place of publication, distribution, etc. |
London, UK, |
| Name of publisher, distributor, etc. |
Hodder Headline, |
| Date of publication, distribution, etc. |
2015 |
| 300 ## - PHYSICAL DESCRIPTION |
| Extent |
144 pages ; |
| Dimensions |
20 cm |
| 440 ## - SERIES STATEMENT/ADDED ENTRY--TITLE |
| Title |
French, Vivian. Knight in training., |
| Volume/sequential designation |
1 |
| 520 ## - SUMMARY, ETC. |
| Summary, etc. |
Sam J. Butterbiggins' only ambition is to be a Very Noble Knight, but he has a problem - he's been packed off to the castle next door to stay with his aunt and uncle while his parents are away. Not only does he have to put up with his annoying cousin Prune, there's also the weird creatures his aunt looks after to contend with! |
| 650 ## - SUBJECT ADDED ENTRY--TOPICAL TERM |
| Topical term or geographic name entry element |
Children's stories |
| 650 ## - SUBJECT ADDED ENTRY--TOPICAL TERM |
| Topical term or geographic name entry element |
English fantasy fiction |
| 650 ## - SUBJECT ADDED ENTRY--TOPICAL TERM |
| Topical term or geographic name entry element |
Fantasy fiction |
| 700 ## - ADDED ENTRY--PERSONAL NAME |
| Personal name |
Melling, David, |
| Relator term |
Illustrator |
| 942 ## - ADDED ENTRY ELEMENTS (KOHA) |
| Source of classification or shelving scheme |
|
| Koha item type |
Books - Fiction |